Islam dalam sejarah Asia Tenggara tradisional

Bibliographic Details
Main Author: Abdul Rahman Haji Abdullah (Author)
Format: Book
Published: Kuala Lumpur : Pena , 1989
Subjects:

MARC

LEADER 00000cam a2200000 7i4500
001 0000006181
005 20140325093000.0
008 021119s1989
090 0 0 |a BP63.A4   |b A23 1989 
100 0 |a Abdul Rahman Haji Abdullah ,   |e author 
245 0 0 |a Islam dalam sejarah Asia Tenggara tradisional   |c Abdul Rahman Abdullah 
260 2 |a Kuala Lumpur :   |b Pena ,   |c 1989 
300 |a 176 ms. ;   |c 22 sm. 
504 |a Bibliografi: ms. 168-176 
650 0 |a Islamic civilization   |x History 
650 0 |a Islam   |x History   |z Asia, Southeast 
999 |a 1000001474   |b Book   |c OPEN SHELF (30 DAYS)   |e Gong Badak Campus